| 000 | 00606nam a22002057a 4500 | ||
|---|---|---|---|
| 005 | 20251108170832.0 | ||
| 008 | 250721s1997 xx 000 0 ara d | ||
| 082 | 1 | 4 | _aط/662.6/مطل |
| 100 | 1 |
_aمطلق، ألبير _eمؤلف |
|
| 245 | 1 | 0 | _aالنار / |
| 264 | 1 |
_aبيروت : _bمكتبة لبنان، _c1997. |
|
| 300 | _a31ص. | ||
| 490 | 0 | _aكتب الفراشة : المعارف الميسرة ؛3 | |
| 650 | 1 | 7 | _aالحرارة |
| 650 | 1 | 7 | _aالوقود |
| 650 | 1 | 7 | _aالنار |
| 653 | _aاطفال مرحله متوسطه (6-9) سنوات | ||
| 942 |
_2ddc _cBK |
||
| 999 |
_c50124 _d50124 |
||